ՀՀ Գիտությունների ազգային ակադեմիայի հիմնարար գիտական գրադարան  =   Fundamental Scientific Library of NAS RA

Լրաբեր : (Record no. 460311)

MARC details
000 -LEADER
fixed length control field 01755nam a22003497a 4500
001 - CONTROL NUMBER
control field 1733542
003 - CONTROL NUMBER IDENTIFIER
control field AM-YEHGA
005 - DATE AND TIME OF LATEST TRANSACTION
control field 20250617160805.0
008 - FIXED-LENGTH DATA ELEMENTS--GENERAL INFORMATION
fixed length control field 190710s2020 ai |||||r|||||||||0|arm|d
020 ## - INTERNATIONAL STANDARD BOOK NUMBER
International Standard Book Number 9789939729936 (Մ. 1)
020 ## - INTERNATIONAL STANDARD BOOK NUMBER
International Standard Book Number 97899397279343 (Մ. 2)
020 ## - INTERNATIONAL STANDARD BOOK NUMBER
International Standard Book Number 97899397279350 (Մ. 3)
040 ## - CATALOGING SOURCE
Original cataloging agency AM-YeHGA
041 0# - LANGUAGE CODE
Language code of text/sound track or separate title arm
-- rus
-- eng
090 ## - LOCALLY ASSIGNED LC-TYPE CALL NUMBER (OCLC); LOCAL CALL NUMBER (RLIN)
-- 463392
245 00 - TITLE STATEMENT
Title Լրաբեր :
Remainder of title Գիտական հոդվածների ժողովածու = Bulletin = Вестник /
Statement of responsibility, etc. Խմբ.՝ Հ.Ց. Պետրոսյան, Ժ.Ս. Սեյրանյան, Հ.Զ. Ղազարյան ; Հայաստանի ազգային պոլիտեխնիկական համալսարան.
246 13 - VARYING FORM OF TITLE
Title proper/short title ՀԱՊՀ լրաբեր :
Remainder of title Գիտական հոդվածների ժողովածու
246 11 - VARYING FORM OF TITLE
Title proper/short title Вестник НПУА :
Remainder of title Сборник научных статей
246 11 - VARYING FORM OF TITLE
Title proper/short title NPUA Bulletin :
Remainder of title Collection of Scientific Papers
260 ## - PUBLICATION, DISTRIBUTION, ETC.
Place of publication, distribution, etc. Երևան :
Name of publisher, distributor, etc. Ճարտարագետ,
Date of publication, distribution, etc. 2020.
300 ## - PHYSICAL DESCRIPTION
Extent 3 մաս ;
Dimensions 23 սմ.
504 ## - BIBLIOGRAPHY, ETC. NOTE
Bibliography, etc. note Հոդվածներից հետո՝ գրականության ցանկ:
505 00 - FORMATTED CONTENTS NOTE
Miscellaneous information Մ. 1 (3-292 + 11[1] էջ) ;
-- Մ. 2 (293-580+11[1] էջ) ;
-- Մ. 3 (581-730+11[1] էջ)
546 ## - LANGUAGE NOTE
Language note Բնագիրը՝ հայերեն, ռուսերեն, անգլերեն:
650 14 - SUBJECT ADDED ENTRY--TOPICAL TERM
Topical term or geographic name entry element Գիտական աշխատություններ
Form subdivision Ժողովածու
650 14 - SUBJECT ADDED ENTRY--TOPICAL TERM
Topical term or geographic name entry element Բարձրագույն ուսումնական հաստատություններ
700 1# - ADDED ENTRY--PERSONAL NAME
Personal name Պետրոսյան, Հ.Ց.
Relator term խմբ.
Relationship edt
700 1# - ADDED ENTRY--PERSONAL NAME
Personal name Սեյրանյան, Ժ.Ս.
Relator term խմբ.
Relationship edt
700 1# - ADDED ENTRY--PERSONAL NAME
Personal name Ղազարյան, , Հ.Զ.
Relator term խմբ.
Relationship edt
710 2# - ADDED ENTRY--CORPORATE NAME
Corporate name or jurisdiction name as entry element Հայաստանի ազգային պոլիտեխնիկական համալսարան
942 ## - ADDED ENTRY ELEMENTS (KOHA)
Source of classification or shelving scheme Universal Decimal Classification
Koha item type Գրքեր / Books
Holdings
Withdrawn status Lost status Source of classification or shelving scheme Damaged status Not for loan Collection Home library Current library Date acquired Serial enumeration / chronology Total checkouts Full call number Barcode Date last seen Price effective from Koha item type Public note
    Universal Decimal Classification     General Fundamental Scientific Library Fundamental Scientific Library 11/03/2021 Մ. 1   AII/106809 FL0643017 11/03/2021 11/03/2021 Գրքեր / Books 30 Days Loan
    Universal Decimal Classification     General Fundamental Scientific Library Fundamental Scientific Library 11/03/2021 Մ. 1   AII/106810 FL0643018 11/03/2021 11/03/2021 Գրքեր / Books 30 Days Loan
    Universal Decimal Classification     General Fundamental Scientific Library Fundamental Scientific Library 11/03/2021 Մ. 2   AII/106811 FL0643019 11/03/2021 11/03/2021 Գրքեր / Books 30 Days Loan
    Universal Decimal Classification     General Fundamental Scientific Library Fundamental Scientific Library 11/03/2021 Մ. 2   AII/106812 FL0643020 11/03/2021 11/03/2021 Գրքեր / Books 30 Days Loan
    Universal Decimal Classification     General Fundamental Scientific Library Fundamental Scientific Library 11/03/2021 Մ. 3   AII/106813 FL0643021 11/03/2021 11/03/2021 Գրքեր / Books 30 Days Loan
    Universal Decimal Classification     General Fundamental Scientific Library Fundamental Scientific Library 11/03/2021 Մ. 3   AII/106814 FL0643022 11/03/2021 11/03/2021 Գրքեր / Books 30 Days Loan


ՀՀ ԳԱԱ հիմնարար գիտական գրադարան
ՀՀ,Երևան 0019
Մարշալ Բաղրամյան 24/6
հեռախոս:(374-10) 52-47-50
Հետադարձ կապ

All site content, except where otherwise noted, is licensed under a
Creative Commons License